000 02091nam0a2200397 i 4500
001 RU\NLR\bibl\1959771
005 20260407124418.0
010 _a9785703208663
_9400
021 _aRU
_b2012-74671
_95528
035 _a(nilc)RSL-KNO-005504988
035 _a(NLR Aleph) 001948798
090 _a3666446
_c3666446
100 _a20121008d2012 u y0rusy50 ca
101 0 _arus
102 _aRU
105 _aa |||||||||
200 1 _aТравматология челюстно-лицевой области и военно-полевая стоматология
_eучебное пособие
_e[для студентов стоматологических и лечебных факультетов, последипломного усовершенствования врачей-стоматологов и челюстно-лицевых хирургов]
_fНижегородская гос. мед. акад.
_g[Е. А. Дурново и др.]
_gпод ред. д.м.н., проф. Е. А. Дурново
210 _aНижний Новгород
_cИзд-во НижГМА
_d2012
215 _a229, [1] с.
_cил., табл.
_d21
320 _aБиблиогр.: с. 180-182 (34 назв.)
606 _aВоенно-полевая стоматология
_jУчебные издания
_92119534
_3RU\NLR\auth\661583660
606 1 _aЧелюстно-лицевая область
_jУчебные издания
_xТравмы
_91336827
_3RU\NLR\auth\66241832
686 _aР665.808.13,07
_2rubbk
686 _aР669,07
_2rubbk
686 _aР669я7
686 _aР665.83я7
686 _aЦ7,6(2Р)6я7
702 1 _4220
_7ca
_8rus
_aДурново
_bЕ. А.
_gЕвгения Александровна
_9257160
_3RU\NLR\AUTH\770257216
712 0 2 _4570
_aНижегородская государственная медицинская академия
_3RU\NLR\AUTH\889965730
_9427722
801 0 _aRU
_bRuMoRKP
_c20121008
_grcr
801 1 _aRU
_bРГБ
_c20121008
801 2 _aRU
_bNLR
_c20121024
_grcr
942 _cBOOK
980 _aNBR